00618nam a2200169Ia 4500008004000000020001800040082001600058100000600074245005100080260005100131300001000182650004700192690002500239906001100264999001900275952015400294210210b2001 xxu||||| |||| 00| 0 eng d a82 259 0160 4 a620.02 ENLI a- aENLIGHTENING SOLUTIONS to IIT-JEE (1991-2001). aNew Delhi.bMadhuban Educational Books.,c2001 a27... aEnlightening solutions IIT-JEE 1991-2001  aEngineering Entrance a056766 c104381d104381 001040708EngineeringaALbALcEngineeringd2021-02-17eBook World, Mangalore.g350.00l0o620.02 ENLIp056766r2021-02-17 00:00:00w2021-02-17yBK